01304nam a22003134a 4500001001200000003000800012006001900020007001500039008004100054020003300095040002100128035002000149050002500169082001600194100002100210245010000231260003800331300002600369490005800395504006600453533015200519650004000671650004300711655002900754710001700783830004700800856012600847999001700973ebr10089123CaPaEBRm u cr cn|||||||||010518s2001 ne a sb 001 0 eng  z9004123083 (hc : alk. paper) aCaPaEBRcCaPaEBR a(OCoLC)5671370314aPL525.2b.B46 2001eb04a495.6/52211 aBentley, John R.12aA descriptive grammar of early Old Japanese proseh[electronic resource] /cby John R. Bentley. aLeiden ;aBoston :bBrill,c2001. axviii, 286 p. :bill.1 aBrill's Japanese studies library,x0925-6512 ;vv. 15 aIncludes bibliographical references (p. [274]-282) and index. aElectronic reproduction.bPalo Alto, Calif. :cebrary,d2013.nAvailable via World Wide Web.nAccess may be limited to ebrary affiliated libraries. 0aJapanese languageyTo 794xGrammar. 0aJapanese languagexGrammar, Classical. 7aElectronic books.2local2 aebrary, Inc. 0aBrill's Japanese studies library ;vv. 15.40uhttp://site.ebrary.com/lib/rucke/Doc?id=10089123zAn electronic book accessible through the World Wide Web; click to view c71052d71052